000 01740nam a2200181 i 4500
001 170545
003 ES-MaACL
005 20230906214408.0
008 090313s1832 sp |||| | spa d
245 0 0 _aMemorias de la Real Academia de la Historia.
_nTomoVII.
260 _aMadrid :
_b[s.n.],
_c1832 (
_fImprenta de I. Sancha)
300 _a[8], XLIV, 578, [2] p., [4] h. de lám ;
_c24 cm.
505 8 _aContiene: Noticia histórica de la Academia ó resumen de sus actas, desde el año de 1821 hasta concluir el de 1831 leído en sus juntas del mes de marzo de 1832. Catálogo de los individuos de la Real Academia de la Historia, en primero de enero de mil ochocientos treinta y dos. Elogio histórico del doctor Benito Arias Montano / leido... por Tomás González Carvajal. Memoria sobre el incierto origen de las barras de Aragón, antiguo blasón del Condado de Barcelona, en que se demuestra ser falso haberlas concedido el emperador Carlos Calvo, rey de Francia, al conde Wifredo II, llamado el Velloso / leyola... Juan Sans y de Barutell. Examen y juicio de la descripción geográfica de España, atribuida al moro Rasis / por Diego Clemencin. Apuntamientos para la historia del rey don Felipe Segundo de España, por lo tocante a sus relaciones con la reina Isabel de Inglaterra, desde el año 1558 hasta el de 1576 / formados... Tomás González. Investigaciones históricas sobre el origen y progresos del monacato español hasta la irrupción sarracena á principios del siglo VIII.... / leídas por Antonio de Siles.
610 2 4 _aReal Academia de la Historia (España)-
_vMemorias.
_9152005
651 4 _aEspaña-
_xHistoria.
_98209
710 2 _aReal Academia de la Historia (España)
_96309
852 _aES-MaACL
_jR-2765
999 _c170545
_d170545